Oceanian Capital Cities by Closest Capital N-E-S-W - Statistics

General Stats
  • This quiz has been taken 31 times
  • The average score is 13 of 14
Answer Stats
⇑ Closest North ⇑ ⇒ Closest East ⇒ ⇓ Closest South ⇓ ⇐ Closest West ⇐ CAPITAL CITY % Correct
⇑ Majuro ⇑ ⇒ Mexico City ⇒ ⇓ Funafuti ⇓ ⇐ Yaren ⇐ Tarawa
100%
⇑ Port-Vila ⇑ ⇒ Wellington ⇒ ⇓ --- ⇓ ⇐ Jakarta ⇐ Canberra
95%
⇑ --- ⇑ ⇒ Mexico City ⇒ ⇓ Tarawa ⇓ ⇐ Palikir ⇐ Majuro
95%
⇑ Funafuti ⇑ ⇒ Nuku'alofa ⇒ ⇓ Wellington ⇓ ⇐ Port-Vila ⇐ Suva
95%
⇑ Tokyo ⇑ ⇒ Yaren ⇒ ⇓ Honiara ⇓ ⇐ Melekeok ⇐ Palikir
90%
⇑ Palikir ⇑ ⇒ Honiara ⇒ ⇓ Canberra ⇓ ⇐ Dili ⇐ Port Moresby
90%
⇑ Honiara ⇑ ⇒ Suva ⇒ ⇓ Wellington ⇓ ⇐ Port Moresby ⇐ Port-Vila
90%
⇑ Nuku'alofa ⇑ ⇒ Santiago ⇒ ⇓ --- ⇓ ⇐ Canberra ⇐ Wellington
90%
⇑ Majuro ⇑ ⇒ Tarawa ⇒ ⇓ Honiara ⇓ ⇐ Palikir ⇐ Yaren
90%
⇑ Tarawa ⇑ ⇒ Mexico City ⇒ ⇓ Nuku'alofa ⇓ ⇐ Funafuti ⇐ Apia
86%
⇑ Tarawa ⇑ ⇒ Apia ⇒ ⇓ Suva ⇓ ⇐ Port-Vila ⇐ Funafuti
86%
⇑ Yaren ⇑ ⇒ Tarawa ⇒ ⇓ Port-Vila ⇓ ⇐ Port Moresby ⇐ Honiara
86%
⇑ Taipei ⇑ ⇒ Palikir ⇒ ⇓ Dili ⇓ ⇐ Manila ⇐ Melekeok
86%
⇑ Apia ⇑ ⇒ Mexico City ⇒ ⇓ Wellington ⇓ ⇐ Suva ⇐ Nuku'alofa
86%
No matching quizzes found
Score Distribution
Percent of People with Each Score
Percentile by Number Answered
Your Score History
You have not taken this quiz